| 000 | 01037nam a2200253 a 4500 | ||
|---|---|---|---|
| 003 | AR-BaBNM | ||
| 005 | 20251128204021.0 | ||
| 008 | 082120s2002 ||||||||||||||000 | spa|| | ||
| 040 | _cAR-BaBNM | ||
| 245 | 0 | 0 | _aPlaneamiento y diseño de la escuela primaria latinoamericana |
| 260 |
_aMéxico, D.F. _bCONESCAL _bCentro Regional de Construcciones para América Latina _c1964 |
||
| 300 |
_a262 p. _btablas, diagr. |
||
| 500 | _aEl Centro Regional de Construcciones para América Latina fue creado por acuerdos de la UNESCO, OEA Y el Gobierno de los Estados Unidos Mexicanos con propósito de contribuir a la construcción de edificios escolares de acuerdo a las tendencias educativas y | ||
| 650 | 4 | _aESCUELAS PRIMARIAS | |
| 650 | 4 | _aPLANIFICACION DE LAS INSTALACIONES | |
| 650 | 4 | _aNORMAS DE CONSTRUCCION | |
| 650 | 4 | _aDISEÑO ARQUITECTONICO | |
| 651 | 4 | _aAmérica Latina | |
| 653 | _aARQUITECTURA ESCOLAR | ||
| 653 | _aESPACIOS EDUCATIVOS | ||
| 700 | 1 |
_aGrijalva, Gonzalo Abad _eprologuista |
|
| 942 | _cBK | ||
| 998 | _cSILVI | ||
| 999 |
_c5823 _d5823 |
||